| 000 | 01405nam a22002297a 4500 | ||
|---|---|---|---|
| 999 |
_c121391 _d121391 |
||
| 005 | 20181119145635.0 | ||
| 010 | _aB-240065, B-240093 | ||
| 020 |
_c140.00 _a8183570151 |
||
| 035 | _aB-240065,B-240093 | ||
| 037 | _bCen Lib/Ret | ||
| 082 |
_a000 _bयूनिक |
||
| 245 |
_aयूनिक प्रश्न-पत्र श्रृंखला लोक प्रशासन : _cसंपादक जे.के. चोपड़ा _bसंघ/राज्य लोक सेवा आयोग सिविल सेवा प्रारंभिक (वैकल्पिक) परीक्षा / |
||
| 246 |
_aYoonik prashan patr shrikhla samajshastra : sangh/rajya lok seva ayog civil sva prarambhik (vaikalpik) pariksha / _bsampak J.K. Chopda |
||
| 260 |
_aनयी दिल्ली _bयूनिक पब्लिशेर्स _c2008 |
||
| 270 |
_bनयी दिल्ली _a4574/15, पदम् चंद मार्ग, अंसारी रोड दरियागंज _e110002 |
||
| 300 |
_aभिन्न पृष्ठ _c25सेमी(सजिल्द ) |
||
| 650 |
_aलोक प्रशासन -- परीक्षा _x _z |
||
| 650 | _apublic administration - exam | ||
| 700 |
_aचोपड़ा, जे.के. _996953 |
||
| 942 |
_2ddc _cHN _h000 _mयूनिक |
||